|
|
|
|
| LEADER |
01274nam a2200373 a 4500 |
| 001 |
c000109914 |
| 003 |
CARM |
| 005 |
20010228171146.0 |
| 008 |
880907s1988 enk d 000 0 eng d |
| 010 |
|
|
|a bnb94854906
|
| 015 |
|
|
|a b8854515
|
| 019 |
1 |
|
|a 6047848
|z 27562339
|5 LACONCORD2021
|
| 020 |
|
|
|a 0948549068 (pbk) :
|c L.5.95
|
| 020 |
|
|
|a 0948549068 (pbk.)
|
| 020 |
|
|
|a 0948549068 (pbk)
|
| 035 |
|
|
|a (OCoLC)18628533
|5 LACONCORD2021
|
| 040 |
|
|
|a BNB
|b eng
|c BNB
|d SUSA
|
| 050 |
|
0 |
|a HF5549
|
| 050 |
0 |
0 |
|a HF5549
|
| 050 |
|
4 |
|a HF5549.A23
|b I82 1988
|
| 080 |
|
|
|a 658.3
|
| 082 |
0 |
0 |
|a 658.3
|2 19
|
| 082 |
0 |
4 |
|a 658.3003
|2 20
|
| 082 |
0 |
4 |
|a D658.3
|
| 100 |
1 |
|
|a Ivanovic, A.,
|d 1949-
|
| 245 |
1 |
0 |
|a Dictionary of personnel management /
|c A. Ivanovic ; edited by P.H. Collin.
|
| 260 |
|
|
|a Teddington, [England] :
|b Peter Collin Publishing,
|c 1988.
|
| 300 |
|
|
|a 194 p. ;
|c 20 cm.
|
| 500 |
|
|
|a Personnel management (BNB/PRECIS)
|
| 650 |
|
0 |
|a Personnel management
|x Dictionaries.
|
| 700 |
1 |
|
|a Collin, P. H.
|q (Peter Hodgson),
|d 1935-
|
| 852 |
8 |
|
|b CARM
|h A2:AL18A0
|i A02723
|p 0195905
|f BK
|
| 999 |
f |
f |
|i d7f3b0d0-bf53-508e-8d90-d9e36da75b66
|s 47928174-a052-5644-99c2-a1dbe279fc9b
|
| 952 |
f |
f |
|p Can circulate
|a CAVAL
|b CAVAL
|c CAVAL
|d CARM 1 Store
|e A02723
|f A2:AL18A0
|h Other scheme
|i book
|m 0195905
|